Normal view
MARC view
- No turning back
Entry Topical Term
001 - CONTROL NUMBER
- control field: 108232
003 - CONTROL NUMBER IDENTIFIER
- control field: NUST
005 - DATE AND TIME OF LATEST TRANSACTION
- control field: 20230131131146.0
008 - FIXED-LENGTH DATA ELEMENTS
- fixed length control field: 230131|| aca||aabn | a|a d
040 ## - CATALOGING SOURCE
- Original cataloging agency: NUST
- Transcribing agency: NUST
150 ## - HEADING--TOPICAL TERM
- Topical term or geographic name entry element: No turning back
670 ## - SOURCE DATA FOUND
- Source citation: Work cat.: (NUST)186432: Morris, Walter Frederick 108231, No turning back / , 1937
